| 000 | 005920000a22001810004500 | ||
|---|---|---|---|
| 041 | 0 | _aSPA | |
| 082 | 0 | 4 | _aG 268.45 G215c |
| 100 | 1 | _aGarcía Marín, Harold | |
| 245 | 1 | 0 | _aCómo alcanzar más jóvenes para Cristo ... a través de la sociedad de jóvenes ... a través de la escuela dominical / Harold García Marín, Ana María Swenson |
| 250 | _a3 | ||
| 260 | _aEl Paso, TX., USA : Casa Bautista de Publicaciones | ||
| 300 | _a64 Pag | ||
| 001 | 7952 | ||
| 942 | _cBK | ||
| 999 |
_c38152 _d38152 |
||
| 336 |
_atexto _btxt _2rdacontent |
||
| 337 |
_2rdamedia _asin mediación _bn |
||
| 338 |
_2rdacarrier _avolumen _bnc |
||